[Event "Scarborough CC-ch Reserves"]
[Site "Toronto CAN"]
[Date "2011.04.21"]
[Round "9"]
[White "Stavropoulos, Greg"]
[Black "Al Ganabi, Haqi"]
[Result "1/2-1/2"]
[WhiteElo "1917"]
[BlackElo "1985"]
[PlyCount "73"]
[GameId "2160767909795976"]
[EventDate "2011.02.24"]
[EventType "swiss"]
[EventRounds "9"]
[EventCountry "CAN"]
[SourceTitle "EXT 2022"]
[Source "ChessBase"]
[SourceDate "2021.10.06"]
[SourceVersion "1"]
[SourceVersionDate "2021.10.06"]
[SourceQuality "1"]

1. c4 Nf6 2. Nc3 g6 3. Nf3 b6 4. g3 Bb7 5. Bg2 Bg7 6. O-O O-O 7. d3 d6 8. Bg5 Nbd7 9. Qc1 Re8 10. Bh6 Bh8 11. h3 Rb8 12. e4 Nc5 13. Qd2 a5 14. Ng5 Bc8 15. f4 e5 16. g4 Ne6 17. Nxe6 fxe6 18. fxe5 dxe5 19. Rf2 Bg7 20. Bg5 Rf8 21. Raf1 Qd4 22. Kh2 Nd7 23. Be3 Qd6 24. Nb5 Qc6 25. Rxf8+ Nxf8 26. Qf2 Qd7 27. Rd1 Ba6 28. Nc3 Rd8 29. a4 c5 30. Bf1 Qe7 31. Be2 Bf6 32. Rf1 Bh4 33. Qf3 Re8 34. Qg2 Bg5 35. Qg3 Bf6 36. g5 Bg7 37. h4 1/2-1/2

[Event "Scarborough CC-ch Reserves"]
[Site "Toronto CAN"]
[Date "2011.04.21"]
[Round "9"]
[White "Triefeldt, Jack"]
[Black "Rutherdale, William"]
[Result "0-1"]
[WhiteElo "1812"]
[BlackElo "1676"]
[PlyCount "92"]
[GameId "2160767909795977"]
[EventDate "2011.02.24"]
[EventType "swiss"]
[EventRounds "9"]
[EventCountry "CAN"]
[SourceTitle "EXT 2022"]
[Source "ChessBase"]
[SourceDate "2021.10.06"]
[SourceVersion "1"]
[SourceVersionDate "2021.10.06"]
[SourceQuality "1"]

1. d4 d5 2. Nf3 Nf6 3. c4 c6 4. e3 Bg4 5. Be2 dxc4 6. Bxc4 e6 7. O-O Be7 8. Nbd2 Nbd7 9. Qc2 O-O 10. b3 c5 11. Ba3 cxd4 12. Bxe7 Qxe7 13. Nxd4 Rac8 14. Qb2 Ne5 15. f3 Nxc4 16. Nxc4 Bh5 17. e4 Rfd8 18. g4 Bg6 19. Kh1 Qc5 20. Rad1 Nxe4 21. Kg2 Nf6 22. Ne2 Bd3 23. Rc1 Bxc4 24. Rxc4 Qe3 25. Rxc8 Rxc8 26. Rd1 Nd5 27. Qd2 Kf8 28. Qb2 Qxe2+ 29. Qxe2 Nf4+ 30. Kf2 Nxe2 31. Kxe2 Rc2+ 32. Rd2 Rxd2+ 33. Kxd2 Ke7 34. f4 Kd6 35. Kd3 Kd5 36. b4 f6 37. a4 e5 38. f5 h6 39. h4 a6 40. a5 e4+ 41. Kc3 Ke5 42. Kc4 e3 43. Kd3 Kf4 44. g5 Kf3 45. gxf6 gxf6 46. h5 e2 0-1

[Event "Scarborough CC-ch Reserves"]
[Site "Toronto CAN"]
[Date "2011.04.21"]
[Round "9"]
[White "Verde, Pino"]
[Black "Mesiti, Silvano"]
[Result "0-1"]
[WhiteElo "1694"]
[BlackElo "1626"]
[PlyCount "110"]
[GameId "2160767909795978"]
[EventDate "2011.02.24"]
[EventType "swiss"]
[EventRounds "9"]
[EventCountry "CAN"]
[SourceTitle "EXT 2022"]
[Source "ChessBase"]
[SourceDate "2021.10.06"]
[SourceVersion "1"]
[SourceVersionDate "2021.10.06"]
[SourceQuality "1"]

1. Nc3 g6 2. d4 Bg7 3. Be3 d5 4. Qd2 Nf6 5. Bh6 Bxh6 6. Qxh6 Nc6 7. e3 a6 8. Nf3 Be6 9. Ng5 Qd6 10. Nxe6 Qxe6 11. Qf4 O-O-O 12. a4 Nh5 13. Qh4 Nb4 14. Bd3 Kb8 15. O-O Nf6 16. Qf4 Nh5 17. Qf3 f5 18. Rfe1 Nf6 19. a5 Qd6 20. Na4 Nd7 21. Ra3 e5 22. Qg3 e4 23. Qxd6 cxd6 24. Rb3 exd3 25. Rxb4 dxc2 26. Rc1 Rc8 27. Nc3 Nf6 28. f3 Rc4 29. Rb6 Rc6 30. Rb3 Re8 31. Kf2 Rec8 32. Ke2 Ka7 33. Rxc2 Rc4 34. Kd3 R4c6 35. Rb6 Rxb6 36. axb6+ Kb8 37. Ne2 Rc6 38. Rxc6 bxc6 39. Nc3 Kb7 40. Na4 Nd7 41. h3 Nxb6 42. Nxb6 Kxb6 43. e4 dxe4+ 44. fxe4 fxe4+ 45. Kxe4 Kb5 46. g4 Kc4 47. h4 a5 48. h5 a4 49. h6 Kb3 50. Kf4 Kxb2 51. Kg5 a3 52. Kf6 a2 53. Kg7 a1=Q 54. Kxh7 Kc2 55. Kg8 Qxd4 0-1

[Event "Scarborough CC-ch Reserves"]
[Site "Toronto CAN"]
[Date "2011.04.21"]
[Round "9"]
[White "Wiebe, Daniel"]
[Black "Lin, Tony (Juntao)"]
[Result "0-1"]
[WhiteElo "1936"]
[BlackElo "1936"]
[PlyCount "101"]
[GameId "2160767909795979"]
[EventDate "2011.02.24"]
[EventType "swiss"]
[EventRounds "9"]
[EventCountry "CAN"]

1. e4 d5 2. exd5 Qxd5 3. Nc3 Qd6 4. d4 Nf6 5. Bc4 a6 6. Nf3 e6 7. Bg5 Be7 8. Qd2 Nbd7 9. Bb3 b5 10. O-O Bb7 11. Bf4 Qb6 12. d5 O-O-O 13. dxe6 Nc5 14. Qe2 Bxf3 15. Qxf3 Nxe6 16. Bxe6+ fxe6 17. Rfe1 Rhe8 18. Qa8+ Kd7 19. Rad1+ Bd6 20. Qf3 Kc8 21. Be3 Qb7 22. Qh3 Kb8 23. Bg5 Qc8 24. a4 b4 25. Bxf6 gxf6 26. Ne4 Be5 27. Qb3 Qb7 28. Rxd8+ Rxd8 29. Qxe6 Qxe4 30. Kf1 Qxc2 31. Qxa6 Qd3+ 32. Qxd3 Rxd3 33. Re4 Rb3 34. Rh4 Rxb2 35. Rxh7 b3 36. Rh4 Rb1+ 37. Ke2 b2 38. Rb4+ Ka7 39. f4 Bc3 40. Rb3 Re1+ 41. Kd3 b1=Q+ 42. Rxb1 Rxb1 43. Kxc3 Rh1 44. h3 Rh2 45. Kd4 Rxg2 46. Ke4 Rh2 47. Kf5 Rxh3 48. Kxf6 Ra3 49. Ke6 Rxa4 50. f5 Rf4 51. Ke5 0-1

[Event "Scarborough CC-ch Reserves"]
[Site "Toronto CAN"]
[Date "2011.04.21"]
[Round "9"]
[White "Wu, Kevin"]
[Black "Posaratnanathan, Juliaan"]
[Result "1-0"]
[WhiteElo "2080"]
[BlackElo "1884"]
[PlyCount "75"]
[GameId "2160767909795980"]
[EventDate "2011.02.24"]
[EventType "swiss"]
[EventRounds "9"]
[EventCountry "CAN"]
[SourceTitle "EXT 2022"]
[Source "ChessBase"]
[SourceDate "2021.10.06"]
[SourceVersion "1"]
[SourceVersionDate "2021.10.06"]
[SourceQuality "1"]

1. e4 c5 2. Nf3 Nc6 3. d4 cxd4 4. Nxd4 Nf6 5. Nc3 d6 6. Bg5 e6 7. f4 a6 8. Qd2 Bd7 9. Be2 Be7 10. O-O-O b5 11. Bf3 Rc8 12. Rde1 h6 13. Bh4 Qa5 14. Nb3 Qc7 15. e5 dxe5 16. fxe5 Ne4 17. Rxe4 Bxh4 18. Rxh4 Nxe5 19. Rd4 Nxf3 20. gxf3 Bc6 21. Ne4 O-O 22. Rg1 Kh8 23. Nbc5 Qb6 24. Qg2 Rg8 25. Rd6 Qa5 26. Kb1 Qb6 27. Nd7 Qc7 28. Ndc5 Qb6 29. Rdd1 Rc7 30. Nd3 Qb7 31. Ne5 Bd5 32. Nd6 Qa7 33. Qh3 Rd8 34. Ne4 Rdc8 35. Qg4 f5 36. Qg6 fxe4 37. fxe4 Bc4 38. Rd2 1-0

[Event "Scarborough CC-ch Reserves"]
[Site "Toronto CAN"]
[Date "2011.04.21"]
[Round "9"]
[White "Xie, Peter"]
[Black "Zhang, John"]
[Result "1/2-1/2"]
[WhiteElo "1681"]
[BlackElo "1612"]
[PlyCount "93"]
[GameId "2160767909795981"]
[EventDate "2011.02.24"]
[EventType "swiss"]
[EventRounds "9"]
[EventCountry "CAN"]
[SourceTitle "EXT 2022"]
[Source "ChessBase"]
[SourceDate "2021.10.06"]
[SourceVersion "1"]
[SourceVersionDate "2021.10.06"]
[SourceQuality "1"]

1. e4 e5 2. Nf3 Nc6 3. Bb5 a6 4. Ba4 Nf6 5. O-O Be7 6. Re1 b5 7. Bb3 O-O 8. c3 d6 9. h3 Na5 10. Bc2 c5 11. b3 Nd7 12. Bb2 Bf6 13. d3 Nb6 14. Nbd2 g6 15. Nf1 Bg7 16. Ne3 Nc6 17. Rb1 Ne7 18. d4 Qc7 19. dxe5 dxe5 20. c4 Rd8 21. Qe2 Bb7 22. h4 Nc6 23. h5 Nd4 24. Nxd4 exd4 25. Nd5 Nxd5 26. exd5 Qd7 27. hxg6 hxg6 28. Qd3 Re8 29. Kf1 Qc7 30. Rxe8+ Rxe8 31. cxb5 Qh2 32. Qh3 Qxh3 33. gxh3 axb5 34. Bd3 Bxd5 35. Bxb5 Ra8 36. a4 Bxb3 37. Bxd4 cxd4 38. Rxb3 Rc8 39. Rd3 Rc3 40. Ke2 Rxd3 41. Kxd3 Be5 42. f3 Kh7 43. a5 Bc7 44. Kxd4 Bxa5 45. Ke3 Kh6 46. Kf2 Kg5 47. Kg2 1/2-1/2

[Event "Scarborough CC-ch Reserves U1700"]
[Site "Toronto CAN"]
[Date "2011.02.24"]
[Round "1"]
[White "Aghamalian, Leonid"]
[Black "Maurer, Hans"]
[Result "1-0"]
[WhiteElo "1520"]
[BlackElo "1216"]
[PlyCount "31"]
[GameId "2160767909795982"]
[EventDate "2011.02.24"]
[EventType "swiss"]
[EventRounds "9"]
[EventCountry "CAN"]
[SourceTitle "EXT 2022"]
[Source "ChessBase"]
[SourceDate "2021.10.06"]
[SourceVersion "1"]
[SourceVersionDate "2021.10.06"]
[SourceQuality "1"]

1. d4 f5 2. c4 Nf6 3. Nc3 d5 4. Bg5 e6 5. e3 h6 6. Bxf6 Qxf6 7. cxd5 Bb4 8. Qa4+ c6 9. Qxb4 exd5 10. Rc1 Bd7 11. Qxb7 O-O 12. Qxa8 a6 13. Bxa6 Qd6 14. Bd3 c5 15. Qxd5+ Be6 16. Qxd6 1-0

[Event "Scarborough CC-ch Reserves U1700"]
[Site "Toronto CAN"]
[Date "2011.02.24"]
[Round "1"]
[White "Dattani, Dinesh"]
[Black "Palakkal, Anirudh"]
[Result "1-0"]
[WhiteElo "1420"]
[BlackElo "850"]
[PlyCount "33"]
[GameId "2160767909795983"]
[EventDate "2011.02.24"]
[EventType "swiss"]
[EventRounds "9"]
[EventCountry "CAN"]
[SourceTitle "EXT 2022"]
[Source "ChessBase"]
[SourceDate "2021.10.06"]
[SourceVersion "1"]
[SourceVersionDate "2021.10.06"]
[SourceQuality "1"]

1. e4 e5 2. d4 d6 3. dxe5 dxe5 4. Qxd8+ Kxd8 5. Nc3 Nd7 6. Bd2 Bb4 7. O-O-O Bxc3 8. Bxc3 f6 9. Nf3 Ke8 10. Bc4 Nc5 11. Nd2 Be6 12. Rhe1 g6 13. Bxe6 Nxe6 14. Nc4 Nc5 15. g3 b5 16. Na5 Rb8 17. b4 1-0

[Event "Scarborough CC-ch Reserves U1700"]
[Site "Toronto CAN"]
[Date "2011.02.24"]
[Round "1"]
[White "Graham, John"]
[Black "Patel, Saiyam"]
[Result "1-0"]
[WhiteElo "1429"]
[BlackElo "962"]
[PlyCount "37"]
[GameId "2160767909795984"]
[EventDate "2011.02.24"]
[EventType "swiss"]
[EventRounds "9"]
[EventCountry "CAN"]
[SourceTitle "EXT 2022"]
[Source "ChessBase"]
[SourceDate "2021.10.06"]
[SourceVersion "1"]
[SourceVersionDate "2021.10.06"]
[SourceQuality "1"]

1. e4 e6 2. d4 Nc6 3. Nf3 Nf6 4. Bd3 d5 5. e5 Nh5 6. O-O Bb4 7. Bd2 Qe7 8. c3 Ba5 9. Be2 f6 10. Re1 fxe5 11. Nxe5 Nxe5 12. Bxh5+ Ng6 13. Qc2 Rf8 14. Bxg6+ hxg6 15. Qxg6+ Rf7 16. Bg5 Qf8 17. Nd2 e5 18. Rxe5+ Kd7 19. Qe6# 1-0

[Event "Scarborough CC-ch Reserves U1700"]
[Site "Toronto CAN"]
[Date "2011.02.24"]
[Round "1"]
[White "Kaneshalingam, Mathanhe"]
[Black "Yie, Kevin Yi Xiao"]
[Result "0-1"]
[WhiteElo "862"]
[BlackElo "1357"]
[PlyCount "90"]
[GameId "2160767909795985"]
[EventDate "2011.02.24"]
[EventType "swiss"]
[EventRounds "9"]
[EventCountry "CAN"]
[SourceTitle "EXT 2022"]
[Source "ChessBase"]
[SourceDate "2021.10.06"]
[SourceVersion "1"]
[SourceVersionDate "2021.10.06"]
[SourceQuality "1"]

1. e4 e5 2. Nf3 Nc6 3. Bc4 Nf6 4. Ng5 d5 5. exd5 Na5 6. d3 Nxd5 7. Nxf7 Kxf7 8. Qf3+ Ke6 9. Nc3 Nxc4 10. dxc4 Nxc3 11. Qxc3 Bd6 12. O-O Qe7 13. a3 a5 14. Re1 Kf7 15. Qd3 Qf6 16. Re3 Kg8 17. Qd5+ Qf7 18. Qxf7+ Kxf7 19. Rf3+ Ke8 20. Bd2 Be6 21. Re1 Kd7 22. c5 Bxc5 23. Rxe5 b6 24. h3 Bd4 25. Re1 Bxb2 26. Bg5 Rae8 27. Rd3+ Kc8 28. Rde3 Bd7 29. Rxe8+ Rxe8 30. Rxe8+ Bxe8 31. Be7 Kd7 32. Bf8 Bg6 33. h4 Bxc2 34. Kf1 Ke8 35. Bxg7 Bxg7 36. Ke2 Ba4 37. f4 c5 38. g4 c4 39. Kd2 c3+ 40. Kc1 c2 41. f5 Bd4 42. h5 Be3+ 43. Kb2 c1=Q+ 44. Ka2 Qc2+ 45. Ka1 Bd4# 0-1

[Event "Scarborough CC-ch Reserves U1700"]
[Site "Toronto CAN"]
[Date "2011.02.24"]
[Round "1"]
[White "Karpik, Steve"]
[Black "Pishdad, Hassan"]
[Result "1-0"]
[WhiteElo "1535"]
[BlackElo "1250"]
[PlyCount "115"]
[GameId "2160767909795986"]
[EventDate "2011.02.24"]
[EventType "swiss"]
[EventRounds "9"]
[EventCountry "CAN"]
[SourceTitle "EXT 2022"]
[Source "ChessBase"]
[SourceDate "2021.10.06"]
[SourceVersion "1"]
[SourceVersionDate "2021.10.06"]
[SourceQuality "1"]

1. Nf3 d5 2. c4 Nf6 3. g3 e6 4. Bg2 Nc6 5. cxd5 Nxd5 6. O-O Bd6 7. Nc3 Nf6 8. d4 O-O 9. a3 h6 10. b4 a6 11. e4 Be7 12. e5 Nd5 13. Nxd5 exd5 14. Bb2 Re8 15. Re1 Bg4 16. Qb3 Be6 17. Rac1 Qd7 18. Nd2 Rab8 19. f4 f5 20. Nf3 Rbd8 21. Bc3 g5 22. Rf1 Na7 23. Ne1 Nb5 24. Nd3 b6 25. Bb2 c6 26. Qd1 g4 27. Rc2 Rc8 28. Qd2 Bf8 29. Rfc1 Na7 30. Bf1 Qb7 31. Nf2 h5 32. h4 a5 33. Bc3 Nb5 34. Bxb5 cxb5 35. Nd3 axb4 36. Bxb4 Rc4 37. Bxf8 Rxf8 38. Nb2 Rxc2 39. Rxc2 Rc8 40. Qc1 Bd7 41. Rc3 Kg7 42. Rxc8 Qxc8 43. Qxc8 Bxc8 44. Nd3 Kf7 45. Kf2 Ke6 46. Ke2 Ba6 47. Kd2 Bb7 48. Kc3 Bc6 49. Nb4 Bd7 50. Na6 Bc6 51. Nb4 Bd7 52. Kb3 Be8 53. Na6 Bc6 54. Kc3 Bd7 55. Nc7+ Ke7 56. Nxd5+ Kd8 57. Kb4 Bc6 58. Nc3 1-0

[Event "Scarborough CC-ch Reserves U1700"]
[Site "Toronto CAN"]
[Date "2011.02.24"]
[Round "1"]
[White "Kurkowski, Ken"]
[Black "Lin, Benjamin1"]
[Result "1-0"]
[WhiteElo "1506"]
[BlackElo "1129"]
[PlyCount "57"]
[GameId "2160767909795988"]
[EventDate "2011.02.24"]
[EventType "swiss"]
[EventRounds "9"]
[EventCountry "CAN"]
[SourceTitle "EXT 2022"]
[Source "ChessBase"]
[SourceDate "2021.10.06"]
[SourceVersion "1"]
[SourceVersionDate "2021.10.06"]
[SourceQuality "1"]

1. d4 d5 2. c4 c6 3. Nf3 Nf6 4. e3 Nbd7 5. Bd3 e6 6. Nbd2 Be7 7. O-O O-O 8. b3 b6 9. Bb2 Ba6 10. Qc2 Qc7 11. Rfe1 Bd6 12. e4 Bb7 13. e5 Bxe5 14. Nxe5 g6 15. Ndf3 c5 16. dxc5 Nxc5 17. Ng5 dxc4 18. Bxc4 Rae8 19. Rad1 Qe7 20. Qc3 Nh5 21. Nxg6 f6 22. Nxe7+ Rxe7 23. Nxe6 Nxe6 24. Rxe6 Rg7 25. Re7+ Kh8 26. Rxg7 Nxg7 27. Rd7 Bc6 28. Rf7 Rxf7 29. Bxf7 1-0

[Event "Scarborough CC-ch Reserves U1700"]
[Site "Toronto CAN"]
[Date "2011.02.24"]
[Round "1"]
[White "Liang, Phillip"]
[Black "Farhang, Arvin"]
[Result "0-1"]
[WhiteElo "1271"]
[BlackElo "1586"]
[PlyCount "112"]
[GameId "2160767909795989"]
[EventDate "2011.02.24"]
[EventType "swiss"]
[EventRounds "9"]
[EventCountry "CAN"]
[SourceTitle "EXT 2022"]
[Source "ChessBase"]
[SourceDate "2021.10.06"]
[SourceVersion "1"]
[SourceVersionDate "2021.10.06"]
[SourceQuality "1"]

1. d4 d5 2. c4 c6 3. Nc3 Nf6 4. Nf3 e6 5. e3 Nbd7 6. Bd3 dxc4 7. Bxc4 b5 8. Bd3 a6 9. a4 Bb7 10. O-O Be7 11. Re1 O-O 12. e4 b4 13. Ne2 c5 14. Ng3 a5 15. Bf1 Qb6 16. b3 cxd4 17. Qxd4 Bc5 18. Qb2 Ng4 19. Be3 Nxe3 20. fxe3 Bxe3+ 21. Kh1 Bf2 22. Nh5 f6 23. Re2 Bc5 24. Rd1 Nb8 25. Qd2 Ba6 26. Ree1 Bf2 27. Qd6 Qxd6 28. Rxd6 Bxe1 29. Bxa6 Rxa6 30. Rxa6 Nxa6 31. Nxe1 Nc5 32. Nf4 e5 33. Nd5 Rf7 34. Kg1 Nxb3 35. Nd3 Nd2 36. Nc5 b3 37. Kf2 b2 38. Nc3 b1=Q 39. Nxb1 Nxb1 40. Ke3 Rc7 41. Nd3 Rc4 42. h4 Rxa4 43. g4 Nc3 44. Nf2 Rd4 45. g5 a4 46. gxf6 gxf6 47. Nd3 a3 48. Nc1 Rd1 49. Nb3 a2 50. h5 Rb1 51. Na1 Rxa1 52. Kd2 Rb1 53. Kxc3 a1=Q+ 54. Kd3 Qd4+ 55. Kc2 Rb2+ 56. Kc1 Qd2# 0-1

[Event "Scarborough CC-ch Reserves U1700"]
[Site "Toronto CAN"]
[Date "2011.02.24"]
[Round "1"]
[White "Liao, Jacky"]
[Black "Super, Russell"]
[Result "1/2-1/2"]
[WhiteElo "997"]
[BlackElo "1446"]
[PlyCount "92"]
[GameId "2160767909795990"]
[EventDate "2011.02.24"]
[EventType "swiss"]
[EventRounds "9"]
[EventCountry "CAN"]
[SourceTitle "EXT 2022"]
[Source "ChessBase"]
[SourceDate "2021.10.06"]
[SourceVersion "1"]
[SourceVersionDate "2021.10.06"]
[SourceQuality "1"]

1. e4 c5 2. Nf3 Nc6 3. d4 cxd4 4. Nxd4 d6 5. Be3 Nf6 6. Nc3 g6 7. f3 Bg7 8. Qd2 O-O 9. Bh6 Nxd4 10. Bxg7 Nxc2+ 11. Qxc2 Kxg7 12. O-O-O a6 13. g4 Be6 14. e5 Ne8 15. Kb1 Qa5 16. Qa4 Qxe5 17. Bc4 Bxc4 18. Qxc4 Nf6 19. Rde1 Qg5 20. h4 Qc5 21. Qxc5 dxc5 22. Rxe7 b5 23. Rd1 Rfe8 24. Rde1 Kf8 25. Rxe8+ Rxe8 26. Rxe8+ Kxe8 27. g5 Nd7 28. Ne4 Ke7 29. Kc2 Ke6 30. Kd2 Ke5 31. Ke3 c4 32. a3 a5 33. f4+ Kf5 34. Nd6+ Kg4 35. Nxf7 b4 36. Ne5+ Nxe5 37. fxe5 Kf5 38. Kd4 c3 39. bxc3 b3 40. Kd3 a4 41. c4 Kxe5 42. Kc3 Kd6 43. Kd3 Kc6 44. Kd2 Kd6 45. Kd3 Kc6 46. Kd2 Kc5 1/2-1/2

[Event "Scarborough CC-ch Reserves U1700"]
[Site "Toronto CAN"]
[Date "2011.02.24"]
[Round "1"]
[White "Moffat, Anthony"]
[Black "Smith, Maurice"]
[Result "0-1"]
[WhiteElo "1240"]
[BlackElo "1533"]
[PlyCount "20"]
[GameId "2160767909795992"]
[EventDate "2011.02.24"]
[EventType "swiss"]
[EventRounds "9"]
[EventCountry "CAN"]
[SourceTitle "EXT 2022"]
[Source "ChessBase"]
[SourceDate "2021.10.06"]
[SourceVersion "1"]
[SourceVersionDate "2021.10.06"]
[SourceQuality "1"]

1. e4 d6 2. Nc3 Nf6 3. Nf3 g6 4. Be2 Bg7 5. d4 O-O 6. Be3 b6 7. Qd2 Bb7 8. O-O Nbd7 9. Rfe1 Nxe4 10. Bd3 Nxd2 0-1

[Event "Scarborough CC-ch Reserves U1700"]
[Site "Toronto CAN"]
[Date "2011.02.24"]
[Round "1"]
[White "Patel, Shivkumar"]
[Black "Thanabalachandran, Kajan"]
[Result "0-1"]
[WhiteElo "818"]
[BlackElo "1509"]
[PlyCount "38"]
[GameId "2160767909795993"]
[EventDate "2011.02.24"]
[EventType "swiss"]
[EventRounds "9"]
[EventCountry "CAN"]
[SourceTitle "EXT 2022"]
[Source "ChessBase"]
[SourceDate "2021.10.06"]
[SourceVersion "1"]
[SourceVersionDate "2021.10.06"]
[SourceQuality "1"]

1. e4 c5 2. Nc3 Nc6 3. Nf3 d6 4. d3 Nf6 5. Be2 e6 6. O-O Be7 7. d4 cxd4 8. Nxd4 O-O 9. Nxc6 bxc6 10. Na4 Nxe4 11. Qd3 Nf6 12. Bf3 d5 13. Bg5 h6 14. Bxf6 Bxf6 15. c4 Qa5 16. b3 Ba6 17. Be2 Bxa1 18. Rxa1 dxc4 19. Qd4 Rfd8 0-1

[Event "Scarborough CC-ch Reserves U1700"]
[Site "Toronto CAN"]
[Date "2011.02.24"]
[Round "1"]
[White "Rodriguez, Sergio1"]
[Black "Aghamalian, Derick"]
[Result "0-1"]
[WhiteElo "1092"]
[BlackElo "1484"]
[PlyCount "92"]
[GameId "2160767909795994"]
[EventDate "2011.02.24"]
[EventType "swiss"]
[EventRounds "9"]
[EventCountry "CAN"]
[SourceTitle "EXT 2022"]
[Source "ChessBase"]
[SourceDate "2021.10.06"]
[SourceVersion "1"]
[SourceVersionDate "2021.10.06"]
[SourceQuality "1"]

1. f4 d5 2. Nf3 Bf5 3. Nc3 e6 4. e3 Nf6 5. d4 c5 6. b3 Nc6 7. Bd3 Bxd3 8. Qxd3 Rc8 9. Bb2 Nb4 10. Qb5+ Qd7 11. O-O Nxc2 12. Rac1 Nxe3 13. Rfe1 Nf5 14. Qxd7+ Kxd7 15. Ne5+ Ke8 16. Nb5 a6 17. Na3 Nd7 18. Nxd7 Kxd7 19. g4 Nxd4 20. Bxd4 cxd4 21. Rxc8 Kxc8 22. f5 Bxa3 23. Rd1 Bb2 24. Rd2 Bc3 25. Rc2 Kd7 26. fxe6+ fxe6 27. g5 Rc8 28. Rf2 Ke7 29. Rf3 Bd2 30. Kf1 Rf8 31. Rxf8 Kxf8 32. Ke2 Be3 33. Kd3 e5 34. h4 e4+ 35. Ke2 Kf7 36. b4 Kg6 37. a4 Kh5 38. b5 axb5 39. axb5 Kxh4 40. g6 hxg6 41. Kd1 d3 42. Ke1 g5 43. Kf1 g4 44. Ke1 g3 45. b6 g2 46. Kd1 g1=Q# 0-1

[Event "Scarborough CC-ch Reserves U1700"]
[Site "Toronto CAN"]
[Date "2011.02.24"]
[Round "1"]
[White "Song, Eric"]
[Black "Gandhi, Vishwa"]
[Result "1-0"]
[WhiteElo "1476"]
[BlackElo "1058"]
[PlyCount "87"]
[GameId "2160767909795995"]
[EventDate "2011.02.24"]
[EventType "swiss"]
[EventRounds "9"]
[EventCountry "CAN"]
[SourceTitle "EXT 2022"]
[Source "ChessBase"]
[SourceDate "2021.10.06"]
[SourceVersion "1"]
[SourceVersionDate "2021.10.06"]
[SourceQuality "1"]

1. e4 e5 2. Nf3 Nc6 3. Bb5 d5 4. Nxe5 dxe4 5. Nxc6 bxc6 6. Bxc6+ Bd7 7. Bxa8 Qxa8 8. O-O Nf6 9. d3 exd3 10. Qxd3 Bc6 11. f3 Bc5+ 12. Be3 Bd6 13. Bd4 Nd5 14. Re1+ Be7 15. Qe2 O-O 16. Nc3 Re8 17. Nxd5 Bxd5 18. Qe5 f6 19. Qxc7 Bf7 20. Rxe7 Rxe7 21. Qxe7 Qc8 22. Re1 h6 23. Qxa7 Qxc2 24. Bc3 Qf5 25. Qa8+ Kh7 26. Qe4 Bg6 27. Qxf5 Bxf5 28. a4 g5 29. Bxf6 g4 30. f4 Kg6 31. Be5 Kh5 32. g3 Bc2 33. a5 Bb3 34. a6 Ba4 35. Rc1 Bb3 36. Rc5 Bd1 37. b4 Kg6 38. Rc6+ Kf5 39. a7 Bf3 40. a8=Q Bxc6 41. Qxc6 h5 42. Kf2 h4 43. Ke3 hxg3 44. Qf6# 1-0

[Event "Scarborough CC-ch Reserves U1700"]
[Site "Toronto CAN"]
[Date "2011.02.24"]
[Round "1"]
[White "Souchko, Larissa"]
[Black "Xiao, Jerry"]
[Result "1-0"]
[WhiteElo "1123"]
[BlackElo "908"]
[PlyCount "53"]
[GameId "2160767909804188"]
[EventDate "2011.02.24"]
[EventType "swiss"]
[EventRounds "9"]
[EventCountry "CAN"]
[SourceTitle "EXT 2022"]
[Source "ChessBase"]
[SourceDate "2021.10.06"]
[SourceVersion "1"]
[SourceVersionDate "2021.10.06"]
[SourceQuality "1"]

1. e4 e5 2. Nf3 Nc6 3. Nc3 Bc5 4. d3 Nf6 5. Bg5 O-O 6. Be2 h6 7. Bxf6 Qxf6 8. O-O d6 9. Nd5 Qe6 10. Nxc7 Qg6 11. Kh1 Nd4 12. Nxd4 Bxd4 13. c3 Bb6 14. Nxa8 Bd8 15. Rg1 Bh4 16. g3 Bg5 17. Nc7 Qf6 18. Qf1 Bd7 19. Nd5 Qe6 20. Rd1 Bc6 21. c4 Ba4 22. b3 Bc6 23. h4 Bd8 24. Ne3 Qc8 25. Bg4 Bd7 26. Bxd7 Qxd7 27. Kh2 1-0

[Event "Scarborough CC-ch Reserves U1700"]
[Site "Toronto CAN"]
[Date "2011.02.24"]
[Round "1"]
[White "Stroempl, Hedi"]
[Black "Guo, Tan"]
[Result "0-1"]
[WhiteElo "1056"]
[BlackElo "1463"]
[PlyCount "74"]
[GameId "2160767909804189"]
[EventDate "2011.02.24"]
[EventType "swiss"]
[EventRounds "9"]
[EventCountry "CAN"]
[SourceTitle "EXT 2022"]
[Source "ChessBase"]
[SourceDate "2021.10.06"]
[SourceVersion "1"]
[SourceVersionDate "2021.10.06"]
[SourceQuality "1"]

1. e4 d6 2. Nf3 Nf6 3. Nc3 g6 4. d4 Bg7 5. Be3 O-O 6. Bc4 c6 7. h3 b5 8. Bd3 Qc7 9. O-O e5 10. dxe5 dxe5 11. a3 Bb7 12. Qd2 Rd8 13. a4 b4 14. Na2 Nxe4 15. Qxb4 Nd6 16. Nd2 Na6 17. Qb3 Bc8 18. Rfe1 Rb8 19. Qa3 e4 20. Bxa6 Bxb2 21. Qc5 Bxa6 22. Rab1 Bg7 23. Qxa7 Qxa7 24. Bxa7 Rxb1 25. Rxb1 Rd7 26. Be3 f5 27. Nb4 Bb7 28. c4 Bc3 29. c5 Nf7 30. Nf1 Ne5 31. Nc2 Nd3 32. Rb3 Bf6 33. Nb4 f4 34. Nxd3 fxe3 35. Nb2 e2 36. Ne3 e1=Q+ 37. Nf1 Bd4 0-1

[Event "Scarborough CC-ch Reserves U1700"]
[Site "Toronto CAN"]
[Date "2011.02.24"]
[Round "1"]
[White "Thanabalachandran, Luxiga"]
[Black "Liu, Peter"]
[Result "1-0"]
[WhiteElo "790"]
[BlackElo "1324"]
[PlyCount "57"]
[GameId "2160767909804190"]
[EventDate "2011.02.24"]
[EventType "swiss"]
[EventRounds "9"]
[EventCountry "CAN"]
[SourceTitle "EXT 2022"]
[Source "ChessBase"]
[SourceDate "2021.10.06"]
[SourceVersion "1"]
[SourceVersionDate "2021.10.06"]
[SourceQuality "1"]

1. e4 c5 2. Nf3 d6 3. d4 cxd4 4. Nxd4 Nf6 5. Nc3 g6 6. Bc4 Bg7 7. Bg5 O-O 8. Qd2 Nc6 9. O-O-O Bd7 10. Nd5 Nxd5 11. Nxc6 bxc6 12. exd5 Qb6 13. c3 Rac8 14. Bxe7 cxd5 15. Bxf8 Rxc4 16. Bxg7 Kxg7 17. Qe3 Qa5 18. a3 Qa4 19. Rd4 Bf5 20. Qd2 Rxd4 21. Qxd4+ f6 22. Qxa4 Be4 23. Qxa7+ Kh6 24. f3 Bf5 25. Rd1 d4 26. Qxd4 Kg5 27. a4 h5 28. g3 Bc8 29. Qf4# 1-0